Movimientos sociales, biodiversidad y libre comercio en la Amazonía : (Registro nro. 6895)
[ vista simple ]
| 000 -LEADER | |
|---|---|
| fixed length control field | 01963cam a2200289 a 4500 |
| 003 - CONTROL NUMBER IDENTIFIER | |
| control field | OSt |
| 005 - DATE AND TIME OF LATEST TRANSACTION | |
| control field | 20201002083625.0 |
| 008 - FIXED-LENGTH DATA ELEMENTS--GENERAL INFORMATION | |
| fixed length control field | 071029s2007 ck ad r0 100 0 spa d |
| 015 ## - NATIONAL BIBLIOGRAPHY NUMBER | |
| National bibliography number | NNN |
| 020 ## - INTERNATIONAL STANDARD BOOK NUMBER | |
| International Standard Book Number | X |
| 040 ## - CATALOGING SOURCE | |
| Original cataloging agency | CO-BoPUJ |
| Transcribing agency | CO-JMCR |
| 041 0# - LANGUAGE CODE | |
| Language code of text/sound track or separate title | spa |
| 082 04 - DEWEY DECIMAL CLASSIFICATION NUMBER | |
| Classification number | 330 / |
| Item number | A287m |
| Edition number | 23 |
| 111 2# - MAIN ENTRY--MEETING NAME | |
| Meeting name or jurisdiction name as entry element | Foro internacional |
| Date of meeting or treaty signing | (2006 ago.29 : |
| Location of meeting | Bogotá) |
| 9 (RLIN) | 11119 |
| 245 10 - TITLE STATEMENT | |
| Title | Movimientos sociales, biodiversidad y libre comercio en la Amazonía : |
| Remainder of title | memorias / |
| Statement of responsibility, etc. | editora Consuelo Ahumada Beltrán ; Observatorio Andino |
| 250 ## - EDITION STATEMENT | |
| Edition statement | Primera edición |
| 260 ## - PUBLICATION, DISTRIBUTION, ETC. | |
| Place of publication, distribution, etc. | Bogotá : |
| Name of publisher, distributor, etc. | Observatorio andino : |
| -- | Javegraf, |
| Date of publication, distribution, etc. | 2007. |
| 300 ## - PHYSICAL DESCRIPTION | |
| Extent | 175 páginas : |
| Other physical details | ilustraciones, cuadros y diagramas ; |
| Dimensions | 24 cm. |
| 504 ## - BIBLIOGRAPHY, ETC. NOTE | |
| Bibliography, etc. note | Incluye referencias bibliográficas. |
| 505 0# - FORMATTED CONTENTS NOTE | |
| Title | La biodiversidad en el TLC: el saqueo a la naturaleza. / |
| Statement of responsibility | Efrén Calapucha. -- |
| Title | Amazonia: Biodiversidad, Biotecnología y patentes en el marco de los Tratados de Libre Comercio. / |
| Statement of responsibility | Alejandro Chaparro, |
| -- | Diana Carvajal. -- |
| Title | Movimientos sociales, societales y milenaristas en la Amazonia Boliviana. / |
| Statement of responsibility | Luis Tapia. -- |
| Title | Caracterización de los conflictos sociopolíticos actuales en la Amazonia Brasileña. / |
| Statement of responsibility | Nesdy Espitia. -- |
| Title | El TLC con los Estados Unidos: derechos de los inversionistas y acceso a los medicamentos. / |
| Statement of responsibility | Consuelo Ahumada. -- |
| Title | Propiedad intelectual y biodiversidad en el TLC con EE.UU. / |
| Statement of responsibility | Javier Gamboa. -- |
| Title | TLC y biodiversidad. / |
| Statement of responsibility | Arturo Cancino, |
| -- | Miguel Ángel Pardo. -- |
| Title | Biodiversidad, bioprospección y acceso a recursos. / |
| Statement of responsibility | Ana María Frieri. |
| 650 24 - SUBJECT ADDED ENTRY--TOPICAL TERM | |
| Topical term or geographic name entry element | Diversidad biológica |
| Geographic subdivision | Amazonas (Valle) |
| Form subdivision | Congresos |
| 9 (RLIN) | 11120 |
| 650 24 - SUBJECT ADDED ENTRY--TOPICAL TERM | |
| Topical term or geographic name entry element | Movimientos sociales |
| Geographic subdivision | Amazonas (Valle) |
| Form subdivision | Congresos |
| 9 (RLIN) | 11121 |
| 650 24 - SUBJECT ADDED ENTRY--TOPICAL TERM | |
| Topical term or geographic name entry element | Libre comercio |
| Geographic subdivision | Amazonas (Valle) |
| Form subdivision | Congresos |
| 9 (RLIN) | 11122 |
| 700 1# - ADDED ENTRY--PERSONAL NAME | |
| Personal name | Ahumada Beltrán, María Consuelo, |
| Relator term | editora |
| 9 (RLIN) | 11123 |
| 942 ## - ADDED ENTRY ELEMENTS (KOHA) | |
| Source of classification or shelving scheme | Dewey Decimal Classification |
| Koha item type | Books |
| Withdrawn status | Lost status | Source of classification or shelving scheme | Damaged status | Not for loan | Home library | Current library | Shelving location | Date acquired | Source of acquisition | Full call number | Barcode | Date last seen | Copy number | Price effective from | Koha item type |
|---|---|---|---|---|---|---|---|---|---|---|---|---|---|---|---|
| Dewey Decimal Classification | Biblioteca Pública José María del Castillo y Rada | Biblioteca Pública José María del Castillo y Rada | General Stacks | 04/15/2018 | Donación | 330 / A287m | 201810090 | 05/16/2024 | Ej.1 | 04/15/2018 | Books |